00537nam a2200169Ia 450000500170000000800410001702000150005808200130007310000180008624500210010426000400012530000130016550000750017894200060025395200950025999900130035420250616022125.0240331s9999 xx 000 0 und d a2095566998 a392bDIS aDissanayake,M 0aKanyangana Puuja aColombobS. Godage & Brothersc2004 a216 p ., aAn analysis of virginity and the worship of virgins in Nepal and India cL 001040708LaWERCLbWERCLcSSCd2024-03-31l0o 392 DISp4915r2024-03-31w2024-03-31yL c839d839